The Hegel reader / (Record no. 170)

MARC details
000 -LEADER
fixed length control field 01092cam a2200301 a 4500
001 - CONTROL NUMBER
control field 2599757
005 - DATE AND TIME OF LATEST TRANSACTION
control field 20200421093821.0
008 - FIXED-LENGTH DATA ELEMENTS--GENERAL INFORMATION
fixed length control field 971010s1998 enk b 001 0 eng
010 ## - LIBRARY OF CONGRESS CONTROL NUMBER
LC control number 97041251
020 ## - INTERNATIONAL STANDARD BOOK NUMBER
International Standard Book Number 063120346X (hardcover : alk. paper)
020 ## - INTERNATIONAL STANDARD BOOK NUMBER
International Standard Book Number 0631203478 (pbk. : alk. paper)
040 ## - CATALOGING SOURCE
Original cataloging agency DLC
Transcribing agency DLC
Modifying agency DLC
050 00 - LIBRARY OF CONGRESS CALL NUMBER
Classification number B2908
Item number .H68 1998
082 00 - DEWEY DECIMAL CLASSIFICATION NUMBER
Classification number 193
Edition information 21
100 1# - MAIN ENTRY--PERSONAL NAME
Personal name Hegel, Georg Wilhelm Friedrich,
Dates associated with a name 1770-1831.
240 10 - UNIFORM TITLE
Uniform title Selections.
Language of a work English.
Date of a work 1998
245 14 - TITLE STATEMENT
Title The Hegel reader /
Statement of responsibility, etc. edited by Stephen Houlgate.
260 ## - PUBLICATION, DISTRIBUTION, ETC.
Place of publication, distribution, etc. Oxford, UK ;
-- Malden, Mass. :
Name of publisher, distributor, etc. Blackwell Publishers,
Date of publication, distribution, etc. 1998.
300 ## - PHYSICAL DESCRIPTION
Extent xii, 552 p. ;
Dimensions 26 cm.
440 #0 - SERIES STATEMENT/ADDED ENTRY--TITLE
Title Blackwell readers
9 (RLIN) 287
504 ## - BIBLIOGRAPHY, ETC. NOTE
Bibliography, etc. note Includes bibliographical references (p. [529]-535) and index.
650 #0 - SUBJECT ADDED ENTRY--TOPICAL TERM
Topical term or geographic name entry element Philosophy.
700 1# - ADDED ENTRY--PERSONAL NAME
Personal name Houlgate, Stephen.
9 (RLIN) 288
906 ## - LOCAL DATA ELEMENT F, LDF (RLIN)
a 7
b cbc
c orignew
d 1
e ocip
f 19
g y-gencatlg
942 ## - ADDED ENTRY ELEMENTS (KOHA)
Source of classification or shelving scheme Dewey Decimal Classification
Koha item type Books
Holdings
Withdrawn status Lost status Damaged status Not for loan Collection Home library Current library Shelving location Date acquired Barcode Date last seen Price effective from Koha item type
        Reference Centerville Centerville General stacks 09/04/2014 39999000007190 09/04/2014 09/04/2014 Books
        Reference Fairview Fairview General stacks 09/04/2014 39999000007152 09/04/2014 09/04/2014 Books
        Reference Midway Midway General stacks 09/04/2014 39999000007138 09/04/2014 09/04/2014 Books
        Reference Midway Midway General stacks 09/04/2014 39999000007176 09/04/2014 09/04/2014 Books